| 000 | 01118nab a2200301 4500 | ||
|---|---|---|---|
| 003 | BR-BrBNA | ||
| 005 | 20240331231323.0 | ||
| 008 | 240331b bl.||||| |||| 00| 0 por d | ||
| 040 |
_aBR-BrBNA _bpor |
||
| 072 | _aK10 ; F50 | ||
| 100 | _aDeus, Maria do Socorro Meireles de | ||
| 100 | _aSampaio, Everardo Valadares de Sá Barreto | ||
| 100 | _aRodrigues, Sílvia Maria Cultorato Barreiro | ||
| 100 | _aAndrade, Valmar Correa de | ||
| 245 |
_aEstrutura da vegetação lenhosa de três áreas de manguezal do Piauí com diferentes históricos de antropização _bPesquisa |
||
| 500 | _aSummaries (eng, por); 26 ref. | ||
| 650 | _aESTRUTURA VEGETAL | ||
| 650 | _aPLANTA LENHOSA | ||
| 650 | _aDENSIDADE DA MADEIRA | ||
| 650 | _aÁREA BASAL | ||
| 650 | _aALTURA DA PLANTA | ||
| 650 | _aMANGUE | ||
| 650 | _aRIO PARNAÍBA | ||
| 650 | _aPIAUÍ | ||
| 773 | 0 |
_01357 _94684 _dBrasília-DF Instituto Brasileiro de Desenvolvimento Florestal 1970 _o2023-07828 _tBrasil Florestal (Brazil) _x0045-270X _gv. 22(78) p. 53-60; (Dec 2003) _wBR2024000539 |
|
| 942 | _cAnalítica | ||
| 999 |
_c298997 _d298997 |
||